000
00338 a2200145 4500
001
155784
040
_c
Escola São Tomás de Aquino
100
_a
BERUTTI, Flávio
240
1
0
_a
Leonardo Da Vinci . A exibição
_l
por
245
1
0
_a
Leonardo Da Vinci . A exibição
300
_a
20
362
0
_a
2015
697
_a
Artes
942
_c
BK
999
_c
155784
_d
155784